Problémy pri zavádzaní inovácií

Možné potenciálne problémy zavádzania inovácií. Obtiažnosť získania zdrojov na financovanie inovácií.

Salvato in:
Dettagli Bibliografici
Autore principale: Balážová, Barbora
Altri autori: Strelecký, Ján
Natura: Capitolo di libro
Lingua:slovacco
Soggetti:
Tags: Aggiungi Tag
Nessun Tag, puoi essere il primo ad aggiungerne!!

MARC

LEADER 00000naa$a2200000$$$4500
001 0175993
005 20221020085035.3
041 0 |a slo 
044 |a SK 
245 1 0 |a Problémy pri zavádzaní inovácií  |c Barbora Balážová, Ján Strelecký 
520 |a Možné potenciálne problémy zavádzania inovácií. Obtiažnosť získania zdrojov na financovanie inovácií. 
610 2 0 |a stratégia inovačná 
610 2 0 |a podpora podnikania 
610 2 0 |a podnik 
610 2 0 |a inovácia 
610 2 0 |a zdroje finančné 
100 1 |a Balážová, Barbora 
700 1 |a Strelecký, Ján